The Economic journal (Record no. 1045)

MARC details
000 -LEADER
campo de control de longitud fija 00889nas a2200265 i 4500
001 - NÚMERO DE CONTROL
campo de control 1045
003 - IDENTIFICADOR DE NÚMERO DE CONTROL
campo de control ES-MaACL
005 - FECHA Y HORA DE LA ÚLTIMA TRANSACCIÓN
campo de control 20250721062532.0
007 - CAMPO FIJO DE DESCRIPCIÓN FÍSICA--INFORMACIÓN GENERAL
campo de control de longitud fija t|
008 - DATOS DE LONGITUD FIJA--INFORMACIÓN GENERAL
campo de control de longitud fija 950801c1891 xxk | | 1 ||ng d
245 04 - MENCIÓN DEL TÍTULO
Título The Economic journal
Resto del título : the quarterly journal of the Royal Economic Society.
260 ## - PUBLICACIÓN, DISTRIBUCIÓN, ETC.
Lugar de publicación, distribución, etc. London :
Nombre del editor, distribuidor, etc. Macmillan and Cº Limited,
Fecha de publicación, distribución, etc. 1891- (
Fabricante Richard Clay and Sons)
300 ## - DESCRIPCIÓN FÍSICA
Extensión 5 v. ;
Dimensiones 25 cm.
310 ## - PERIODICIDAD ACTUAL
Periodicidad actual Cuatrimestral
362 0# - FECHAS DE PUBLICACIÓN Y/O DESIGNACIÓN SECUENCIAL
Fecha de publicación y/o designación secuencial V. I [1891?]-
650 17 - PUNTO DE ACCESO ADICIONAL DE MATERIA--TÉRMINO DE MATERIA
Término de materia o nombre geográfico como elemento de entrada Economía
Fuente del encabezamiento o término embne
9 (RLIN) 12006
700 1# - ENTRADA AGREGADA--NOMBRE PERSONAL
Nombre de persona Keynes, John Maynard (
Fechas asociadas al nombre 1883-1946)
9 (RLIN) 67979
700 1# - ENTRADA AGREGADA--NOMBRE PERSONAL
Nombre de persona Macgregor, D.H.
9 (RLIN) 75147
700 1# - ENTRADA AGREGADA--NOMBRE PERSONAL
Nombre de persona Harrod, R.E.,
Término indicativo de función/relación
9 (RLIN) 227587
700 1# - ENTRADA AGREGADA--NOMBRE PERSONAL
Nombre de persona Robinson, A.G.,
Término indicativo de función/relación
9 (RLIN) 227588
710 2# - ENTRADA AGREGADA--NOMBRE DE ENTIDAD CORPORATIVA
Nombre de entidad corporativa o nombre de jurisdicción como elemento de entrada Royal Economic Society.
9 (RLIN) 6465
852 ## - LOCALIZACIÓN
Ubicación ES-MaACL
Número de control de estantería HEM-D-157
Encuadernación Hem-1358
Signatura antigua
866 #0 - MENCIÓN TEXTUAL DE FONDOS--UNIDAD BIBLIOGRÁFICA BÁSICA
Fondos 1934(1935f.n.178)(1936f.n.183-184),1940,1947.
Holdings
Estatus retirado Estado de pérdida Estado de daño No para préstamo Colección Biblioteca de origen Biblioteca actual Ubicación en estantería Fecha de adquisición Fuente de adquisición Total de préstamos Signatura topográfica completa Código de barras Visto por última vez Precio de reemplazo Tipo de ítem Koha
        Periódicos y Revistas Biblioteca del Ateneo de Madrid Biblioteca del Ateneo de Madrid Depósito 2 17/01/2008     HEM-D-157 1001066 23/02/2023 23/02/2023 Revista